000 00542nam a22002177a 4500
003 UA-OsUOA
001 45103
007 ta
008 20070327b un ||||| |||| 00| 0 ukr d
100 _aПоленок С.
090 _a330(477)
_bП-11
942 _cSA
040 _aUA-OsUOA
_bukr
_cUA-OsUOA
_dUA-OsUOA
245 _aЕлектронний ринок стає реальністю
300 _aС.8
955 _a0
041 _aukr
080 _a330(477)
773 0 _w45101
650 7 _a330 Економіка взагалі
_2UDC
999 _c331191
_d331191